<?xml version="1.0" encoding="UTF-8"?>
<record
    xmlns:xsi="http://www.w3.org/2001/XMLSchema-instance"
    xsi:schemaLocation="http://www.loc.gov/MARC21/slim http://www.loc.gov/standards/marcxml/schema/MARC21slim.xsd"
    xmlns="http://www.loc.gov/MARC21/slim">

  <leader>00674nam a22001817a 4500</leader>
  <datafield tag="999" ind1=" " ind2=" ">
    <subfield code="c">141676</subfield>
    <subfield code="d">141676</subfield>
  </datafield>
  <datafield tag="010" ind1=" " ind2=" ">
    <subfield code="a">1718CH-EN ENG-136335</subfield>
  </datafield>
  <datafield tag="020" ind1=" " ind2=" ">
    <subfield code="a">9780143334491</subfield>
    <subfield code="c">150.00</subfield>
  </datafield>
  <datafield tag="035" ind1=" " ind2=" ">
    <subfield code="a">B-673244-253 EN-119867</subfield>
  </datafield>
  <datafield tag="037" ind1=" " ind2=" ">
    <subfield code="a">DPL</subfield>
    <subfield code="b">BSB</subfield>
  </datafield>
  <datafield tag="082" ind1=" " ind2=" ">
    <subfield code="a">S</subfield>
  </datafield>
  <datafield tag="100" ind1=" " ind2=" ">
    <subfield code="a">Ray's Satyajit </subfield>
  </datafield>
  <datafield tag="245" ind1=" " ind2=" ">
    <subfield code="a">The adventures of feluda:</subfield>
    <subfield code="c">by Satyajit Ray</subfield>
    <subfield code="b">the house of death / </subfield>
  </datafield>
  <datafield tag="260" ind1=" " ind2=" ">
    <subfield code="a">Gurgaon </subfield>
    <subfield code="b">Puffin Book</subfield>
    <subfield code="c">2016</subfield>
  </datafield>
  <datafield tag="270" ind1=" " ind2=" ">
    <subfield code="a">7th Floor, Infinity Tower C, DLF Cyber City, </subfield>
    <subfield code="b">Gurgaon </subfield>
    <subfield code="e">122002</subfield>
  </datafield>
  <datafield tag="300" ind1=" " ind2=" ">
    <subfield code="a">95p.</subfield>
    <subfield code="c">19cm(pbk)</subfield>
  </datafield>
  <datafield tag="942" ind1=" " ind2=" ">
    <subfield code="2">ddc</subfield>
    <subfield code="c">CH</subfield>
    <subfield code="m">RAY</subfield>
    <subfield code="h">S</subfield>
  </datafield>
  <datafield tag="952" ind1=" " ind2=" ">
    <subfield code="0">0</subfield>
    <subfield code="1">0</subfield>
    <subfield code="4">0</subfield>
    <subfield code="7">0</subfield>
    <subfield code="8">FIC</subfield>
    <subfield code="a">M</subfield>
    <subfield code="b">M</subfield>
    <subfield code="d">2017-10-17</subfield>
    <subfield code="e">BSB/64/22.7.2017/CH-EN/69/14.7.2017/24.7.2017</subfield>
    <subfield code="g">150.00</subfield>
    <subfield code="l">0</subfield>
    <subfield code="o">S RAY</subfield>
    <subfield code="p">B-673244</subfield>
    <subfield code="r">2017-10-17 00:00:00</subfield>
    <subfield code="t">2</subfield>
    <subfield code="v">150.00</subfield>
    <subfield code="y">CH</subfield>
  </datafield>
  <datafield tag="952" ind1=" " ind2=" ">
    <subfield code="0">0</subfield>
    <subfield code="1">0</subfield>
    <subfield code="4">0</subfield>
    <subfield code="7">0</subfield>
    <subfield code="8">FIC</subfield>
    <subfield code="a">M</subfield>
    <subfield code="b">M</subfield>
    <subfield code="d">2017-10-17</subfield>
    <subfield code="e">BSB/64/22.7.2017/CH-EN/69/14.7.2017/24.7.2017</subfield>
    <subfield code="g">150.00</subfield>
    <subfield code="l">0</subfield>
    <subfield code="o">S RAY</subfield>
    <subfield code="p">B-673245</subfield>
    <subfield code="r">2017-10-17 00:00:00</subfield>
    <subfield code="t">2</subfield>
    <subfield code="v">150.00</subfield>
    <subfield code="y">CH</subfield>
  </datafield>
  <datafield tag="952" ind1=" " ind2=" ">
    <subfield code="0">0</subfield>
    <subfield code="1">0</subfield>
    <subfield code="4">0</subfield>
    <subfield code="7">0</subfield>
    <subfield code="8">FIC</subfield>
    <subfield code="a">NPL</subfield>
    <subfield code="b">NPL</subfield>
    <subfield code="d">2017-10-17</subfield>
    <subfield code="e">BSB/64/22.7.2017/CH-EN/69/14.7.2017/24.7.2017</subfield>
    <subfield code="g">150.00</subfield>
    <subfield code="l">0</subfield>
    <subfield code="o">S RAY</subfield>
    <subfield code="p">B-673246</subfield>
    <subfield code="r">2017-10-17 00:00:00</subfield>
    <subfield code="t">1</subfield>
    <subfield code="v">150.00</subfield>
    <subfield code="y">CH</subfield>
  </datafield>
  <datafield tag="952" ind1=" " ind2=" ">
    <subfield code="0">0</subfield>
    <subfield code="1">0</subfield>
    <subfield code="4">0</subfield>
    <subfield code="7">0</subfield>
    <subfield code="8">FIC</subfield>
    <subfield code="a">L</subfield>
    <subfield code="b">L</subfield>
    <subfield code="d">2017-10-17</subfield>
    <subfield code="e">BSB/64/22.7.2017/CH-EN/69/14.7.2017/24.7.2017</subfield>
    <subfield code="g">150.00</subfield>
    <subfield code="l">1</subfield>
    <subfield code="o">S RAY</subfield>
    <subfield code="p">B-673247</subfield>
    <subfield code="r">2025-07-12 00:00:00</subfield>
    <subfield code="s">2025-06-27</subfield>
    <subfield code="t">1</subfield>
    <subfield code="v">150.00</subfield>
    <subfield code="y">CH</subfield>
  </datafield>
  <datafield tag="952" ind1=" " ind2=" ">
    <subfield code="0">0</subfield>
    <subfield code="1">0</subfield>
    <subfield code="4">0</subfield>
    <subfield code="7">0</subfield>
    <subfield code="8">FIC</subfield>
    <subfield code="a">BL1</subfield>
    <subfield code="b">BL1</subfield>
    <subfield code="d">2017-10-17</subfield>
    <subfield code="e">BSB/64/22.7.2017/CH-EN/69/14.7.2017/24.7.2017</subfield>
    <subfield code="g">150.00</subfield>
    <subfield code="l">4</subfield>
    <subfield code="o">S RAY</subfield>
    <subfield code="p">B-673248</subfield>
    <subfield code="r">2025-04-24 00:00:00</subfield>
    <subfield code="s">2025-04-16</subfield>
    <subfield code="t">1</subfield>
    <subfield code="v">150.00</subfield>
    <subfield code="y">CH</subfield>
  </datafield>
  <datafield tag="952" ind1=" " ind2=" ">
    <subfield code="0">0</subfield>
    <subfield code="1">0</subfield>
    <subfield code="4">0</subfield>
    <subfield code="7">0</subfield>
    <subfield code="8">FIC</subfield>
    <subfield code="a">JP</subfield>
    <subfield code="b">JP</subfield>
    <subfield code="d">2017-10-17</subfield>
    <subfield code="e">BSB/64/22.7.2017/CH-EN/69/14.7.2017/24.7.2017</subfield>
    <subfield code="g">150.00</subfield>
    <subfield code="l">2</subfield>
    <subfield code="o">S RAY</subfield>
    <subfield code="p">B-673249</subfield>
    <subfield code="r">2024-08-17 00:00:00</subfield>
    <subfield code="s">2024-05-04</subfield>
    <subfield code="t">1</subfield>
    <subfield code="v">150.00</subfield>
    <subfield code="y">CH</subfield>
  </datafield>
  <datafield tag="952" ind1=" " ind2=" ">
    <subfield code="0">0</subfield>
    <subfield code="1">0</subfield>
    <subfield code="4">0</subfield>
    <subfield code="7">0</subfield>
    <subfield code="8">FIC</subfield>
    <subfield code="a">ZLS</subfield>
    <subfield code="b">ZLS</subfield>
    <subfield code="d">2017-10-17</subfield>
    <subfield code="e">BSB/64/22.7.2017/CH-EN/69/14.7.2017/24.7.2017</subfield>
    <subfield code="g">150.00</subfield>
    <subfield code="l">1</subfield>
    <subfield code="o">S RAY</subfield>
    <subfield code="p">B-673250</subfield>
    <subfield code="r">2019-06-23 00:00:00</subfield>
    <subfield code="s">2019-06-09</subfield>
    <subfield code="t">1</subfield>
    <subfield code="v">150.00</subfield>
    <subfield code="y">CH</subfield>
  </datafield>
  <datafield tag="952" ind1=" " ind2=" ">
    <subfield code="0">0</subfield>
    <subfield code="1">0</subfield>
    <subfield code="4">0</subfield>
    <subfield code="7">0</subfield>
    <subfield code="8">FIC</subfield>
    <subfield code="a">NRR</subfield>
    <subfield code="b">NRR</subfield>
    <subfield code="d">2017-10-17</subfield>
    <subfield code="e">BSB/64/22.7.2017/CH-EN/69/14.7.2017/24.7.2017</subfield>
    <subfield code="g">150.00</subfield>
    <subfield code="l">0</subfield>
    <subfield code="o">S RAY</subfield>
    <subfield code="p">B-673251</subfield>
    <subfield code="r">2017-10-17 00:00:00</subfield>
    <subfield code="t">1</subfield>
    <subfield code="v">150.00</subfield>
    <subfield code="y">CH</subfield>
  </datafield>
  <datafield tag="952" ind1=" " ind2=" ">
    <subfield code="0">0</subfield>
    <subfield code="1">0</subfield>
    <subfield code="4">0</subfield>
    <subfield code="7">0</subfield>
    <subfield code="8">FIC</subfield>
    <subfield code="a">BKK</subfield>
    <subfield code="b">BKK</subfield>
    <subfield code="d">2017-10-17</subfield>
    <subfield code="e">BSB/64/22.7.2017/CH-EN/69/14.7.2017/24.7.2017</subfield>
    <subfield code="g">150.00</subfield>
    <subfield code="l">0</subfield>
    <subfield code="o">S RAY</subfield>
    <subfield code="p">B-673252</subfield>
    <subfield code="r">2017-10-17 00:00:00</subfield>
    <subfield code="t">1</subfield>
    <subfield code="v">150.00</subfield>
    <subfield code="y">CH</subfield>
  </datafield>
  <datafield tag="952" ind1=" " ind2=" ">
    <subfield code="0">0</subfield>
    <subfield code="1">0</subfield>
    <subfield code="4">0</subfield>
    <subfield code="7">0</subfield>
    <subfield code="8">FIC</subfield>
    <subfield code="a">BL4</subfield>
    <subfield code="b">BL4</subfield>
    <subfield code="d">2017-10-17</subfield>
    <subfield code="e">BSB/64/22.7.2017/CH-EN/69/14.7.2017/24.7.2017</subfield>
    <subfield code="g">150.00</subfield>
    <subfield code="l">5</subfield>
    <subfield code="m">2</subfield>
    <subfield code="o">S RAY</subfield>
    <subfield code="p">B-673253</subfield>
    <subfield code="r">2023-03-13 00:00:00</subfield>
    <subfield code="s">2023-03-09</subfield>
    <subfield code="t">1</subfield>
    <subfield code="v">150.00</subfield>
    <subfield code="y">CH</subfield>
  </datafield>
  <datafield tag="952" ind1=" " ind2=" ">
    <subfield code="0">0</subfield>
    <subfield code="1">0</subfield>
    <subfield code="4">0</subfield>
    <subfield code="7">0</subfield>
    <subfield code="8">FIC</subfield>
    <subfield code="a">AV</subfield>
    <subfield code="b">AV</subfield>
    <subfield code="d">2023-03-06</subfield>
    <subfield code="e">DBAB/PUB</subfield>
    <subfield code="g">150.00</subfield>
    <subfield code="l">2</subfield>
    <subfield code="m">2</subfield>
    <subfield code="o">S RAY</subfield>
    <subfield code="p">EN-119867</subfield>
    <subfield code="r">2025-10-22 00:00:00</subfield>
    <subfield code="s">2025-09-29</subfield>
    <subfield code="t">1</subfield>
    <subfield code="y">CH</subfield>
  </datafield>
</record>
